|
|
|
|
| LEADER |
00000nab a2200000 a 4500 |
| 001 |
vtls000481230 |
| 003 |
SK-MaSNL |
| 005 |
20260304035009.0 |
| 008 |
230207c1992 xo 0 slo |
| 015 |
|
|
|a SNBRB19rr/mm-uuuuu
|
| 035 |
|
|
|a CL0481365
|
| 035 |
|
|
|a urn:nbn:sk:snk-abambp
|
| 035 |
|
|
|a (urnnbn)urn:nbn:sk:snk:ar-a0a2a4
|
| 035 |
|
|
|a (uuid)4000252d-86e8-441b-be49-189eb5c87b56
|
| 040 |
|
|
|a SNKBUCL
|b slo
|c SNKBUCL
|e AACR2
|
| 041 |
0 |
|
|a slo
|
| 044 |
|
|
|a xo
|c SK
|
| 080 |
|
|
|a 632.937
|2 1981
|
| 100 |
1 |
|
|a Vybíralová, Júlia,
|d 1939-
|4 aut
|9 250442
|
| 245 |
1 |
0 |
|a Možnosti využívania biologickej ochrany rastlín v našich podmienkach
|c Júlia Vybíralová
|
| 650 |
0 |
7 |
|a biologická ochrana rastlín
|2 snkbucl
|9 224755
|
| 655 |
|
7 |
|a články z novín a časopisov
|2 snkbucl
|9 267496
|
| 773 |
0 |
|
|t Naturalium
|g Roč. 2, č. 4 (1992), s. 7-8
|x 1210-0161
|
| 850 |
|
|
|a Slovenská národná knižnica v Martine
|a MTA001
|
| 852 |
|
|
|a SNK
|b KIS3GCP
|
| 954 |
|
|
|a odborná, vedecká literatúra pôvodná (slovenská)
|2 lita
|
| 958 |
|
|
|a OND
|
| 958 |
|
|
|a RK
|
| 958 |
|
|
|a EUIPO
|
| 958 |
|
|
|a article14
|
| 992 |
|
|
|a RBX
|
| 999 |
|
|
|c 2655819
|d 2657749
|